<?xml version="1.0" encoding="UTF-8"?>
<record
    xmlns:xsi="http://www.w3.org/2001/XMLSchema-instance"
    xsi:schemaLocation="http://www.loc.gov/MARC21/slim http://www.loc.gov/standards/marcxml/schema/MARC21slim.xsd"
    xmlns="http://www.loc.gov/MARC21/slim">

  <leader>00471nam a22001217a 4500</leader>
  <datafield tag="040" ind1=" " ind2=" ">
    <subfield code="c">RUA</subfield>
  </datafield>
  <datafield tag="100" ind1=" " ind2=" ">
    <subfield code="a">PET BONA,&#x1794;&#x17C9;&#x17C2;&#x178F;&#x200B;&#x200B; &#x1794;&#x17BC;&#x178E;&#x17B6;</subfield>
  </datafield>
  <datafield tag="245" ind1=" " ind2=" ">
    <subfield code="a">EFFECT OF PLANTING DENSITY ON GROWTH AND YIELD ON BOK CHOY (BRASSICA RAPA CHINENSIS L.) IN ROYAL UNIVERSITY OF AGRICULTURE</subfield>
  </datafield>
  <datafield tag="260" ind1=" " ind2=" ">
    <subfield code="a">PHNOM PENH </subfield>
    <subfield code="b">RUA </subfield>
    <subfield code="c">2019 </subfield>
  </datafield>
  <datafield tag="300" ind1=" " ind2=" ">
    <subfield code="a">vi,28p.</subfield>
    <subfield code="b">ill,</subfield>
    <subfield code="c">29cm,</subfield>
  </datafield>
  <datafield tag="856" ind1=" " ind2=" ">
    <subfield code="u">https://drive.google.com/file/d/1rCUQoiWRj1qmEFbQ-f_-Hu_dzigdSePI/view?usp=share_link</subfield>
  </datafield>
  <datafield tag="942" ind1=" " ind2=" ">
    <subfield code="c">AGR</subfield>
  </datafield>
  <datafield tag="999" ind1=" " ind2=" ">
    <subfield code="c">19881</subfield>
    <subfield code="d">19881</subfield>
  </datafield>
  <datafield tag="952" ind1=" " ind2=" ">
    <subfield code="0">0</subfield>
    <subfield code="1">0</subfield>
    <subfield code="2">ddc</subfield>
    <subfield code="4">0</subfield>
    <subfield code="6">AGR_PET_2019_000000000000000_B684_OR</subfield>
    <subfield code="7">0</subfield>
    <subfield code="9">89148</subfield>
    <subfield code="a">LBB</subfield>
    <subfield code="b">LBB</subfield>
    <subfield code="c">B684</subfield>
    <subfield code="d">2022-01-11</subfield>
    <subfield code="l">1</subfield>
    <subfield code="o">AGR PET 2019 B684 Or.</subfield>
    <subfield code="p">A067925</subfield>
    <subfield code="r">2025-01-20</subfield>
    <subfield code="s">2025-01-03</subfield>
    <subfield code="w">2022-01-11</subfield>
    <subfield code="y">AGR</subfield>
  </datafield>
  <datafield tag="952" ind1=" " ind2=" ">
    <subfield code="0">0</subfield>
    <subfield code="1">0</subfield>
    <subfield code="2">ddc</subfield>
    <subfield code="4">0</subfield>
    <subfield code="6">AGR_PET_2019_000000000000000_B684_OR</subfield>
    <subfield code="7">0</subfield>
    <subfield code="9">89149</subfield>
    <subfield code="a">LBB</subfield>
    <subfield code="b">LBB</subfield>
    <subfield code="c">B684</subfield>
    <subfield code="d">2022-01-11</subfield>
    <subfield code="o">AGR PET 2019 B684 Or.</subfield>
    <subfield code="p">A067985</subfield>
    <subfield code="r">2022-01-11</subfield>
    <subfield code="w">2022-01-11</subfield>
    <subfield code="y">AGR</subfield>
  </datafield>
  <datafield tag="952" ind1=" " ind2=" ">
    <subfield code="0">0</subfield>
    <subfield code="1">0</subfield>
    <subfield code="2">ddc</subfield>
    <subfield code="4">0</subfield>
    <subfield code="6">AGR_PET_2019_000000000000000_B684_OR</subfield>
    <subfield code="7">0</subfield>
    <subfield code="9">89150</subfield>
    <subfield code="a">LBB</subfield>
    <subfield code="b">LBB</subfield>
    <subfield code="c">B684</subfield>
    <subfield code="d">2022-01-11</subfield>
    <subfield code="o">AGR PET 2019 B684 Or.</subfield>
    <subfield code="p">A067933</subfield>
    <subfield code="r">2022-01-11</subfield>
    <subfield code="w">2022-01-11</subfield>
    <subfield code="y">AGR</subfield>
  </datafield>
  <datafield tag="952" ind1=" " ind2=" ">
    <subfield code="0">0</subfield>
    <subfield code="1">0</subfield>
    <subfield code="2">ddc</subfield>
    <subfield code="4">0</subfield>
    <subfield code="6">AGR_PET_2019_000000000000000_B684_OR</subfield>
    <subfield code="7">0</subfield>
    <subfield code="9">89151</subfield>
    <subfield code="a">LBB</subfield>
    <subfield code="b">LBB</subfield>
    <subfield code="c">B684</subfield>
    <subfield code="d">2022-01-11</subfield>
    <subfield code="o">AGR PET 2019 B684 Or.</subfield>
    <subfield code="p">A067993</subfield>
    <subfield code="r">2022-01-11</subfield>
    <subfield code="w">2022-01-11</subfield>
    <subfield code="y">AGR</subfield>
  </datafield>
  <datafield tag="952" ind1=" " ind2=" ">
    <subfield code="0">0</subfield>
    <subfield code="1">0</subfield>
    <subfield code="2">ddc</subfield>
    <subfield code="4">0</subfield>
    <subfield code="6">AGR_PET_2019_000000000000000_B684_OR</subfield>
    <subfield code="7">0</subfield>
    <subfield code="9">89152</subfield>
    <subfield code="a">LBB</subfield>
    <subfield code="b">LBB</subfield>
    <subfield code="c">B684</subfield>
    <subfield code="d">2022-01-11</subfield>
    <subfield code="o">AGR PET 2019 B684 Or.</subfield>
    <subfield code="p">A067877</subfield>
    <subfield code="r">2022-01-11</subfield>
    <subfield code="w">2022-01-11</subfield>
    <subfield code="y">AGR</subfield>
  </datafield>
  <datafield tag="952" ind1=" " ind2=" ">
    <subfield code="0">0</subfield>
    <subfield code="1">0</subfield>
    <subfield code="2">ddc</subfield>
    <subfield code="4">0</subfield>
    <subfield code="6">AGR_PET_2019_000000000000000_B684_OR</subfield>
    <subfield code="7">0</subfield>
    <subfield code="9">89153</subfield>
    <subfield code="a">LBB</subfield>
    <subfield code="b">LBB</subfield>
    <subfield code="c">B684</subfield>
    <subfield code="d">2022-01-11</subfield>
    <subfield code="o">AGR PET 2019 B684 Or.</subfield>
    <subfield code="p">A067997</subfield>
    <subfield code="r">2022-01-11</subfield>
    <subfield code="w">2022-01-11</subfield>
    <subfield code="y">AGR</subfield>
  </datafield>
</record>
